Konstruktion und Tests statistischer Verfahren im Rahmen der Kreditwürdigkeitsprüfung anhand der Jahresabschlüse kleiner und mittlerer Unternehmen Inauguraldissertation

Salvato in:
Dettagli Bibliografici
Autore principale: Lüneborg, Konrad
Natura: Libro
Lingua:tedesco
Pubblicazione: Bochum Ruhr-Universität 1981
Tags: Aggiungi Tag
Nessun Tag, puoi essere il primo ad aggiungerne!!

MARC

LEADER 00000nam a2200000 4500
001 c136610
005 20140320091249.8
041 0 |a ger 
044 |a DE 
245 1 0 |a Konstruktion und Tests statistischer Verfahren im Rahmen der Kreditwürdigkeitsprüfung anhand der Jahresabschlüse kleiner und mittlerer Unternehmen  |b Inauguraldissertation  |c Konrad Lüneborg 
264 1 |a Bochum  |b Ruhr-Universität  |c 1981 
300 |a 422 s. 
100 1 |a Lüneborg, Konrad